书目信息 |
| 题名: |
中国代表团出席联合国有关会议发言汇编 2001年
|
|
| 作者: | ;中国联合国协会 编 | |
| 分册: | ||
| 出版信息: | 北京 世界知识出版社 2002 |
|
| 页数: | 301页 | |
| 开本: | 21cm | |
| 丛书名: | ||
| 单 册: | ||
| 中图分类: | D813.3 | |
| 科图分类: | ||
| 主题词: | 对外政策--文件--汇编--中国 | |
| 电子资源: | ||
| ISBN: | 7-5012-1828-5 | |
| 000 | 00678nam0 2200193 45 | |
| 001 | 0405250883 | |
| 005 | 20040203154410.0 | |
| 010 | @a7-5012-1828-5@dCNY21.00 | |
| 100 | @a20040525d2002 km y0chiy0120 ea | |
| 101 | 0 | @achi |
| 105 | @a z 000yy | |
| 200 | 1 | @a中国代表团出席联合国有关会议发言汇编 2001年@AZhong Guo Dai Biao Tuan Chu Xi Lian HeGuo You Guan Hui Yi Fa Yan Hui Bian 2001 Nian@f中国联合国协会编@FZhong Guo Lian He Guo Xie Hui Bian |
| 210 | @a北京@c世界知识出版社@d2002 | |
| 215 | @a301页@d21cm | |
| 606 | 0 | @a对外政策@x文件@x汇编@y中国 |
| 690 | @aD813.3@v4 | |
| 711 | 02 | @a中国联合国协会@4编 |
| 801 | @aCN@bTSTC@c20040525 | |
| 905 | @b333548-552@dD813.3@e53(2001)@f5 | |
| 中国代表团出席联合国有关会议发言汇编 2001年/中国联合国协会编.-北京:世界知识出版社,2002 |
| 301页;21cm |
| ISBN 7-5012-1828-5:CNY21.00 |
| ● |
| 相关链接 |
|
|
|
|
正题名:中国代表团出席联合国有关会议发言汇编 2001年
索取号:D813.3/53(2001)
 
预约/预借
| 序号 | 登录号 | 条形码 | 馆藏地/架位号 | 状态 | 备注 |
| 1 | 0333548 | 203335480 | 第一借阅区/ [索取号:D813.3/53(2001)] | 在馆 | |
| 2 | 0333549 | 203335499 | 第一借阅区/ [索取号:D813.3/53(2001)] | 在馆 | |
| 3 | 0333550 | 203335505 | 第一借阅区/ [索取号:D813.3/53(2001)] | 在馆 | |
| 4 | 0333551 | 203335514 | 第一借阅区/ [索取号:D813.3/53(2001)] | 在馆 | |
| 5 | 0333552 | 203335523 | 第一样本阅览室/ [索取号:D813.3/53(2001)] | 在馆 |